000 00775nam a22002297a 4500
999 _c13388
_d13388
003 AR-CdUCM
008 190415b ||||| |||| 00| 0 spa d
020 _a978-9972-59-556-1
040 _aMUNICIPALIDAD PROVINCIAL DEL CUSCO
_cBIBLIOTECA MUNICIPAL DEL CUSCO
082 _aEP / 803 /
_bUR77
100 _aUribe, Alejandro
_931796
245 _aChung Shih :
_bLa viuda pirata /
260 _aLima :
_bCorporación gráfica Navarrete S.A.,
_c2014.
300 _a47 páginas ;
_c21 cm.
440 _aPiratas y navegantes.
_n9
_931797
505 _aContenido :Ching Shih, la viuda pirata.
650 _aHistorietas infantiles
_931778
650 _aCuentos
_9217
700 _aAyala, Gabriel y Mateo (ilustraciones)
_931788
942 _2ddc
_cLIBROS
945 _arum
_d2019-04-15